हुतात्मा रामप्रसाद बिस्मिल (Record no. 370199)
[ view plain ]
| 000 -LEADER | |
|---|---|
| fixed length control field | 02057 a2200157 4500 |
| 003 - CONTROL NUMBER IDENTIFIER | |
| control field | OSt |
| 005 - DATE AND TIME OF LATEST TRANSACTION | |
| control field | 20260206141858.0 |
| 008 - FIXED-LENGTH DATA ELEMENTS--GENERAL INFORMATION | |
| fixed length control field | 260206b |||||||| |||| 00| 0 eng d |
| 020 ## - INTERNATIONAL STANDARD BOOK NUMBER | |
| International Standard Book Number | 9788198020321 |
| 100 ## - MAIN ENTRY--PERSONAL NAME | |
| Personal name | कुलकर्णी ना. |
| 9 (RLIN) | 216658 |
| 245 ## - TITLE STATEMENT | |
| Title | हुतात्मा रामप्रसाद बिस्मिल |
| 260 ## - PUBLICATION, DISTRIBUTION, ETC. (IMPRINT) | |
| Name of publisher, distributor, etc. | भारतीय विचार साधना प्रकाशन |
| Date of publication, distribution, etc. | 2024 |
| Place of publication, distribution, etc. | पुणे |
| 300 ## - PHYSICAL DESCRIPTION | |
| Extent | 135pp. |
| 520 ## - SUMMARY, ETC. | |
| Summary, etc. | जन्म आणि बालपण: बिस्मिल यांचा जन्म उत्तर प्रदेशातील शाहजहानपूर येथे एका सामान्य कुटुंबात झाला.<br/>क्रांतिकारी वाटचाल: ते आर्य समाजाशी संबंधित होते आणि स्वामी दयानंद सरस्वती यांच्या विचारांनी प्रेरित होते. त्यांनी हिंदुस्तान रिपब्लिकन असोसिएशन (HRA) द्वारे सशस्त्र क्रांतीची योजना आखली.<br/>काकोरी कांड (1925): ब्रिटीश सरकारविरुद्ध निधी गोळा करण्यासाठी त्यांनी काकोरी येथे ट्रेन लुटण्याच्या धाडसी कटाचे नेतृत्व केले.<br/>अंतिम बलिदान: ब्रिटीश सरकारने त्यांना अटक करून 19 डिसेंबर 1927 रोजी गोराखपूर कारागृहात फाशी दिली.<br/>साहित्यिक योगदान: 'बिस्मिल' या टोपणनावाने ते देशभक्तीपर कविता आणि शायरी लिहीत असत |
| 942 ## - ADDED ENTRY ELEMENTS (KOHA) | |
| Koha item type | Books |
| Source of classification or shelving scheme | Dewey Decimal Classification |
| Withdrawn status | Lost status | Source of classification or shelving scheme | Damaged status | Not for loan | Collection code | Home library | Current library | Date acquired | Vendor | Cost, normal purchase price | Total Checkouts | Barcode | Date last seen | Cost, replacement price | Bill Date | Koha item type | Original Barcode |
|---|---|---|---|---|---|---|---|---|---|---|---|---|---|---|---|---|---|
| Dewey Decimal Classification | MCA | MKSSS s K.B. Joshi Institute of Information Technology Library | MKSSS s K.B. Joshi Institute of Information Technology Library | 03/02/2026 | 188 | 105.00 | KBJP-BK-3013 | 03/02/2026 | 150.00 | 03/02/2026 | Books | 3013 |